MARC

LEADER 00000nam0a2200000 4500
001 277590
005 20231101235029.0
035 |a (RuTPU)RU\TPU\book\300866 
090 |a 277590 
100 |a 20141204d1985 k y0rusy5003 ca 
101 0 |a rus 
102 |a UA 
105 |a a z 001zy 
200 1 |a Нефтегазоносные провинции Украины  |f Академия наук Украинской ССР (АН УССР), Институт геологии и геохимии горючих ископаемых ; под ред. В. К. Гавриша 
210 |a Киев  |c Наукова думка  |d 1985 
215 |a 172 с.  |c ил. 
320 |a Библиогр.: с. 165-171 
606 1 |a Нефтегазонакопление  |2 stltpush  |3 (RuTPU)RU\TPU\subj\45588  |9 64781 
610 1 |a нефтеносные районы 
610 1 |a газоносные районы 
610 1 |a Украина 
610 1 |a районирование 
610 1 |a районирование 
610 1 |a провинции 
675 |a 553.98.041  |z rus  |v 3 
702 1 |a Гавриш  |b В. К.  |g Владимир Константинович  |4 340 
712 0 2 |a Академия наук Украинской ССР (АН УССР)  |b Институт геологии и геохимии горючих ископаемых  |2 stltpush  |3 (RuTPU)RU\TPU\col\11474 
801 0 |a RU  |b RuMRKP  |c 19950704  |g psbo 
801 1 |a RU  |b 63413507  |c 20141204 
801 2 |a RU  |b 63413507  |c 20170406  |g RCR 
942 |c BK